000 00621cam a2200181 4500
001 1994
005 20181127164343.0
008 741011s1963 nyua b 000 0 eng
010 _a 63014577
100 1 _aEarl, Boyd.
245 1 0 _aIntroduction to probability :
_ba programmed unit in modern mathematics /
_cBoyd Earl.
260 _aNew York :
_bMcGraw-Hill,
_c1963.
300 _axii, 259 p. :
_bill. ;
_c24 cm.
504 _aBibliography: p. x.
650 0 _aProbabilities
_xProgrammed instruction.
700 _a Wendell I. Smith.
_b
_c
_d
_e
_k
_l
_m
_n
_o
_p
_q
_r
_s
_t
700 _aJ. William Moore.
_b
_c
_d
_e
_k
_l
_m
_n
_o
_p
_q
_r
_s
_t
999 _c1544
_d1544